Normal view
MARC view
- JULIE KENDALL E. KENNETH
Entry Personal Name
001 - CONTROL NUMBER
- control field: 89338
003 - CONTROL NUMBER IDENTIFIER
- control field: NUST
005 - DATE AND TIME OF LATEST TRANSACTION
- control field: 20220222103516.0
008 - FIXED-LENGTH DATA ELEMENTS
- fixed length control field: 220222|| aca||aabn | a|a d
040 ## - CATALOGING SOURCE
- Original cataloging agency: NUST
- Transcribing agency: NUST
100 ## - HEADING--PERSONAL NAME
- Personal name: JULIE KENDALL E. KENNETH
670 ## - SOURCE DATA FOUND
- Source citation: Work cat.: (NUST): JULIE KENDALL E. KENNETH., SYSTEMS ANALYSIS AND DESIGN /, 2020.
